000
00417nam a2200145Ia 4500
008
100204s9999 xx 000 0 und d
082
_b
27
100
_a
खानोलकर चिंतामणी त्र्यंबक
245
_a
बाप
260
_b
प्रमोद प्रकाशन पुणे
_c
1978
300
_a
128
630
_a
बाप
730
_a
बाप
942
_c
BOOK
999
_c
445224
_d
445221